Statistiques concernant Station du métro de Toulouse (France)

Cliquez ici pour prendre le quiz!

Statistiques générales

  • Ce quiz a été pris 2 388 fois
  • Le résultat moyen est 23 sur 38

Statistiques - réponses

LIGNE A% Correct
Jean jaures
95%
Jean Jaures
95%
Capitole
88%
Balma - Gramont
78%
Ramonville
76%
Esquirol
75%
La Vache
75%
Jeanne d'Arc
74%
Basso Cambo
71%
Borderouge
70%
Carmes
69%
Trois Cocus
69%
Arènes
68%
Marengo - SNCF
67%
François verdier
66%
Compans Caffarelli
63%
Palais de Justice
63%
Jolimont
60%
Patte d'Oie
60%
Université Paul Sabatier
59%
Faculté de Pharmacie
56%
Roseraie
56%
Mirail - Université
55%
Canal du Midi
54%
Empalot
54%
Rangueil
51%
Saint Cyprien - République
51%
Argoulets
50%
Saint Agne - SNCF
47%
Bagatelle
45%
Saint Michel - Marcel Langer
45%
Barrière de Paris
44%
Reynerie
44%
Saouzelong
44%
Minimes - Claude Nougaro
42%
Bellefontaine
39%
Mermoz
39%
Fontaine Lestang
36%

Distribution des résultats

Percentile par nombre de réponses

% des personnes avec chaque résultat

Votre développement - résultats

Vous n’avez pas pris ce quiz